00462nam a22001457a 4500003000400000008004100004082001700045100002800062245012100090260003200211300000900243502001500252650003200267650001700299OSt260425b |||||||| |||| 00| 0 eng d a633.83bC32E aChaurasia, Hemant Kumar aEffect of Levels of Nitrogen and Phosphorus on Growth, Yield and Quality of Fenugreek (Trigonella Foenum-gruecum L.) aPusa, SamastipurbRAUc1999 a62P. bMsc.d1999 aVegetables nad Floriculture aHorticulture